Linear statistical inference and its applications
Αποθηκεύτηκε σε:
| Κύριος συγγραφέας: | |
|---|---|
| Μορφή: | Βιβλίο |
| Γλώσσα: | English |
| Δημοσίευση: |
New york :
Wiley,
2002
|
| Έκδοση: | 2η εκδ. |
| Σειρά: | Wiley series in probability and statistics
|
| Θέματα: | |
| Ετικέτες: |
Προσθήκη ετικέτας
Δεν υπάρχουν, Καταχωρήστε ετικέτα πρώτοι!
|
MARC
| LEADER | 00000nam a2200000 i 4500 | ||
|---|---|---|---|
| 001 | 1/62619 | ||
| 008 | 041014s2002 eng d | ||
| 020 | |a 0-471-21875-8 | ||
| 035 | |l 10074689 | ||
| 040 | |a GR-MY-UA |b gre |e aacr | ||
| 041 | 0 | |a eng | |
| 082 | 0 | |a 519.5 | |
| 100 | 1 | |a Rao, C. Radhakrishna |q (Calyampudi Radhakrishna) |d 1920- | |
| 245 | 1 | 0 | |a Linear statistical inference and its applications / |c C. Radhakrishna Rao |
| 250 | |a 2η εκδ. | ||
| 260 | |a New york : |b Wiley, |c 2002 | ||
| 300 | |a 625 σ.; |c 24 εκ. | ||
| 490 | 1 | |a Wiley series in brobability and statistics | |
| 504 | |a Περιέχει βιβλιογραφικές αναφορές και ευρετήριο | ||
| 650 | 0 | 0 | |a Mathematical statistics. |
| 830 | 0 | |a Wiley series in probability and statistics | |
| 852 | |a INST |b SAMOS |e 20041014 |h 519.5 RAO |p 005300023027 |q 005300023027 |t BK |y 0 | ||
| 901 | |a BIBL3-2004-3 | ||
| 909 | |a Σ |b 107622 | ||
| 920 | |a ΔΙΕΥΡΥΝΣΗ |b ΕΠΕΑΕΚ-ΤΣΑΕ |y ΣΑΜΟΣ |z 2004-10 | ||
| 970 | |a ΠΟΥΡΝΑΡΑΣ |b ΔΗΜΗΤΡΗΣ |z 2004/10/14 | ||